• 首页
  • 本馆介绍
  • 公告通知
  • 最新文献
  • 馆藏检索
  • 电子资源
  • 读者导购
  • 参考咨询
  • 我的图书馆
  • 登录
  • 详细信息显示
  • 放入我的书架
  • 预约/预借图书
  • 作者相关作品
  • 分类相关作品
  • 丛书相关作品
  • 出版社相关作品

书目信息

  • 表格格式
  • 工作单格式
  • 卡片格式
题名:
智能仪器
    
 
作者: 程德福 , 林君 主编
分册:  
出版信息: 北京   机械工业出版社  2009
页数: 281页
开本: 26cm
丛书名: 普通高等教育测控信息技术规划教材
单 册:
中图分类: TP216
科图分类:
主题词: 智能仪器--zhi neng yi qi--高等学校--教材
电子资源:
ISBN: 978-7-111-27913-6
000 01173nam 2200289 450
001 2339240473
005 20231221105428.68
010    @a978-7-111-27913-6@d28.00CNY
100    @a20091219d2009 em y0chiy0120 ea
101 0  @achi
102    @aCN@b110000
105    @aak a 000yy
200 1  @a智能仪器@Azhi neng yi qi@f程德福, 林君主编
205    @a第2版
210    @a北京@c机械工业出版社@d2009
215    @a281页@c图@d26cm
225 2  @a普通高等教育测控信息技术规划教材@Apu tong gao deng jiao yu ce kong xin xi ji shu gui hua jiao cai
300    @a普通高等教育“十一五”国家级规划教材 国家精品课程教材
320    @a有书目 (第281页)
330    @a本书以信号采集、数据处理、人机接口与通信为基础,加强了软件设计方法、可测试性设计、可靠性设计等内容,增加了DSP、FPGA/CPLD、∑-△型24位A/D转换器、USB接口、触摸屏、条图显示、非线性决策滤波算法、智能传感器、网络仪器等当今智能仪器的先进技术的介绍。
410  0 @12001 @a普通高等教育测控信息技术规划教材
606 0  @a智能仪器@Azhi neng yi qi@x高等学校@j教材
690    @aTP216@v5
701  0 @a程德福@Acheng de fu@4主编
701  0 @a林君@Alin jun@4主编
801  2 @aCN@b辽宁北配@c20231205
905    @aBZT@dTP216@e3=2
    
    智能仪器/程德福, 林君主编.-第2版.-北京:机械工业出版社,2009
    281页:图;26cm.-(普通高等教育测控信息技术规划教材)
    普通高等教育“十一五”国家级规划教材 国家精品课程教材
    
    ISBN 978-7-111-27913-6:28.00CNY
    本书以信号采集、数据处理、人机接口与通信为基础,加强了软件设计方法、可测试性设计、可靠性设计等内容,增加了DSP、FPGA/CPLD、∑-△型24位A/D转换器、USB接口、触摸屏、条图显示、非线性决策滤波算法、智能传感器、网络仪器等当今智能仪器的先进技术的介绍。
●
相关链接 在五车中查询图书 在当当中查询图书 在豆瓣中查询图书


正题名:智能仪器     索取号:TP216/3=2         预约/预借

序号 登录号 条形码 馆藏地/架位号 状态 备注
1 2001682392   2001682392   516书库/ [索取号:TP216/3=2] 在馆    
2 2001682393   2001682393   516书库/ [索取号:TP216/3=2] 在馆    
3 2001682394   2001682394   516书库/ [索取号:TP216/3=2] 在馆    
4 2001682395   2001682395   516书库/ [索取号:TP216/3=2] 在馆    
5 2001682396   2001682396   516书库/ [索取号:TP216/3=2] 在馆    
6 2001682397   2001682397   516书库/ [索取号:TP216/3=2] 在馆    
7 2001682398   2001682398   516书库/ [索取号:TP216/3=2] 在馆    
8 2001682399   2001682399   516书库/ [索取号:TP216/3=2] 在馆    
9 2001682400   2001682400   516书库/ [索取号:TP216/3=2] 在馆    
10 2001682401   2001682401   516书库/ [索取号:TP216/3=2] 在馆    
11 2001682402   2001682402   516书库/ [索取号:TP216/3=2] 在馆    
12 2001682403   2001682403   516书库/ [索取号:TP216/3=2] 在馆    
13 2001682404   2001682404   516书库/ [索取号:TP216/3=2] 在馆    
14 2001682405   2001682405   516书库/ [索取号:TP216/3=2] 在馆    
15 2001682406   2001682406   516书库/ [索取号:TP216/3=2] 在馆    
16 2001682407   2001682407   516书库/ [索取号:TP216/3=2] 在馆    
17 2001682408   2001682408   第四书库/四20架B面3层3列/ [索取号:TP216/3=2] 在馆    
18 2001682409   2001682409   第四书库/四20架B面3层3列/ [索取号:TP216/3=2] 在馆    
19 2001682410   2001682410   第四书库/四20架B面3层3列/ [索取号:TP216/3=2] 在馆    
20 2001682411   2001682411   第四书库/四20架B面3层3列/ [索取号:TP216/3=2] 在馆    
21 2001682412   2001682412   第四书库/四20架B面3层3列/ [索取号:TP216/3=2] 在馆    
22 2001682413   2001682413   第四书库/四20架B面3层3列/ [索取号:TP216/3=2] 在馆    
23 2001682414   2001682414   516书库/ [索取号:TP216/3=2] 在馆    
24 2001682415   2001682415   516书库/ [索取号:TP216/3=2] 在馆    
25 2001682416   2001682416   516书库/ [索取号:TP216/3=2] 在馆    
山东省滨州职业学院图书馆 欢迎您!
大连网信软件有限公司© 版权所有